|
|
|
|
| LEADER |
00000nab a2200000 a 4500 |
| 001 |
vtls011550528 |
| 003 |
SK-MaSNL |
| 005 |
20260303184449.0 |
| 008 |
160506|2016 xo m| 000 02slo |
| 015 |
|
|
|a SNBRB2016/05
|
| 038 |
|
|
|a DSZK
|
| 040 |
|
|
|a DSZK
|b slo
|c DSZK
|e AACR2
|
| 041 |
0 |
|
|a slo
|a hun
|
| 044 |
|
|
|a xo
|c SK
|
| 080 |
|
|
|a 373.3
|x (437.6)
|2 2011
|
| 100 |
1 |
|
|a Szeles-Pongrácz, S.
|4 aut
|9 1214508
|
| 245 |
1 |
0 |
|a Školské správy
|c S. Szeles-Pongrácz
|
| 300 |
|
|
|b Fotogr.
|
| 500 |
|
|
|a Blok obsahuje 3 správy
|
| 546 |
|
|
|a Dvojjazyčné vydanie
|
| 610 |
2 |
7 |
|a Základná škola Jána Amosa Komenského (Veľký Meder, Slovensko)
|2 dszk
|9 1214241
|
| 651 |
|
7 |
|a Veľký Meder (Slovensko)
|2 SNKPH
|9 19224
|
| 740 |
0 |
2 |
|a Dni Jána Amosa Komenského
|
| 740 |
0 |
2 |
|a Ochutnávka jarných zelenín
|
| 740 |
0 |
2 |
|a Poznávací výlet
|
| 773 |
0 |
|
|t Veľkomederský hlásnik=Nagymegyeri hírmondó
|g Roč. XII, č. 3-4 (2016), s. 11
|x 1339-2409
|
| 852 |
|
|
|a DSZK
|b KIS3GCP
|
| 856 |
|
|
|u www.velkomederskyhlasnik.sk
|
| 958 |
|
|
|a SK
|
| 999 |
|
|
|c 2126869
|d 2128799
|